| 000 | 00000nam##2200000za#4500 |
| 001 | 9.577812 |
| 003 | CaOODSP |
| 005 | 20210624185805 |
| 007 | cr ||||||||||| |
| 008 | 150406|1982||||xxc|||||o f|0| 0 eng|d |
| 022 | |a1488-5379 |
| 040 | |aCaOODSP|beng |
| 043 | |an-cn--- |
| 086 | 1 |aFs97-6/1127E-PDF |
| 110 | 1 |aCanada. |bDepartment of Fisheries and Oceans. |
| 245 | 10|aExperiments on thermal requirements for growth and food conversion efficiency of juvenile chinook salmon Oncorhynchus tshawytscha / |h[electronic resource]|cby J.R. Brett, W.C. Clarke, and J.E. Shelbourn. |
| 260 | |aNanaimo - British Columbia : |bFisheries and Oceans Canada |c1982. |
| 300 | |a35p. |
| 490 | 1 |aCanadian technical report of fisheries and aquatic sciences|x1488-5379|vNo. 1127 |
| 500 | |aOn t.p.: Pacific Biological Station, Nanaimo, British Columbia. The catalogue number and ISSN for the print edition appear in the PDF version. |
| 546 | |a(Résumé en français) |
| 590 | |a13-26-Supp|b2013-11-04 |
| 720 | 1 |aShelbourn, John E. |
| 720 | 1 |aClarke, W. Craig |
| 720 | 1 |aBrett, J. R. |
| 830 | #0|aCanadian technical report of fisheries and aquatic sciences,|x1488-5379|vNo. 1127|w(CaOODSP)9.504449 |
| 856 | 40|ahttp://publications.gc.ca|qPDF|s2133 KB|uhttps://publications.gc.ca/collections/collection_2013/mpo-dfo/Fs97-6-1127-eng.pdf|yNo. 1127 |